| 000 | 01487pam a2200409 a 4500 | ||
|---|---|---|---|
| 001 | 52708 | ||
| 003 | DCL | ||
| 005 | 20241220143431.0 | ||
| 008 | 010308t20011977nyu d 000 1 eng | ||
| 010 | _a 2001029346 | ||
| 020 | _a9780141304700 | ||
| 020 | _a037581423X (trade) | ||
| 020 | _a0375914234 (lib. bdg.) | ||
| 020 | _a9780375914232 | ||
| 035 | _a(IMchF)fol08155156 | ||
| 040 |
_aDLC _cDLC _dKyLxBWI _dICrlF _erda |
||
| 042 | _alcac | ||
| 050 | 0 | 0 |
_aPZ7.D1515 _bWo 2001 |
| 082 | 0 | 0 |
_a[Fic] _222 |
| 092 |
_ajunior fiction _bDahl |
||
| 100 | 1 |
_aDahl, Roald. _96289944 |
|
| 245 | 1 | 4 |
_aThe wonderful story of Henry Sugar and six more / _cRoald Dahl. |
| 250 | _aRev. ed. | ||
| 260 |
_aNew York : _bKnopf : _bDistributed by Random House, _c[2001], c1977. |
||
| 264 |
_aNew York : _bPuffin Books; _c2013 |
||
| 300 |
_a231 p. ; _c22 cm. |
||
| 505 | 0 | _aThe boy who talked with animals -- The hitchhiker -- The Mildenhall treasure -- The swan -- The wonderful story of Henry Sugar -- Lucky break -- A piece of cake. | |
| 520 | _aPresents seven short stories by Roald Dahl, including the title work about a modern-day Robin Hood who steals from casino owners and gives to orphans. | ||
| 521 | 2 |
_aYoung Adult _bFollett Library Resources |
|
| 650 | 0 |
_aChildren's stories, English. _96289945 |
|
| 650 | 1 |
_aShort stories. _96289946 |
|
| 650 | 7 |
_aShort stories. _2sears _96289946 |
|
| 942 |
_cBOOK _2ddc |
||
| 999 |
_c136196 _d136196 |
||